000 00683cam a2200241 4500
008 090401t1980 xxu||||| |||| 00| 0 eng d
020 _a0851251021
035 _a(Sirsi) u3639
041 _aeng
050 _a690
110 _aBuilding Research Establishment
245 _aSoils and foundations: 3
260 _aGarston, Watford
_bBuilding Research Establishment
_c1980
300 _a4p. ; 30cm.
350 _a0
490 _aBRE Digest
_v67
520 _a1985 reprint
650 _aBUILT ENVIRONMENT-BUILDING ELEMENTS-COMPLETE BUILDING ELEMENTS-FOUNDATIONS
650 _aSOIL
690 _aBUILT ENVIRONMENT-CONSTRUCTION DESIGN
942 _n0
948 _c04/03/1997
999 _c85913
_d85913